Códigos europeos de ética periodística : (Registro nro. 104468)

Detalles MARC
000 -LEADER
fixed length control field 00881nam a22002417a 4500
005 - DATE AND TIME OF LATEST TRANSACTION
control field 20151014124034.0
008 - FIXED-LENGTH DATA ELEMENTS--GENERAL INFORMATION
fixed length control field 151014b mx ||||| |||| 00| 0 spa d
020 ## - INTERNATIONAL STANDARD BOOK NUMBER
International Standard Book Number 9686348131
050 04 - LIBRARY OF CONGRESS CALL NUMBER
Classification number KJC7005
Item number V55 1996
100 1# - MAIN ENTRY--PERSONAL NAME
Personal name Villanueva, Ernesto
245 10 - TITLE STATEMENT
Title Códigos europeos de ética periodística :
Remainder of title un análisis comparativo /
Statement of responsibility, etc Ernesto Villanueva ; director Miguel Ángel Sánchez de Armas ; editor Omar Raúl Martínez.
250 ## - EDITION STATEMENT
Edition statement 1a ed.
260 ## - PUBLICATION, DISTRIBUTION, ETC. (IMPRINT)
Place of publication, distribution, etc México :
Name of publisher, distributor, etc Fundación Manuel Buendia,
Date of publication, distribution, etc 1996
300 ## - PHYSICAL DESCRIPTION
Extent 178 p. ;
Dimensions 21 cm.
490 0# - SERIES STATEMENT
Series statement Colección Tinta y Voz
504 ## - BIBLIOGRAPHY, ETC. NOTE
Bibliography, etc Incluye índice
650 #7 - SUBJECT ADDED ENTRY--TOPICAL TERM
Source of heading or term LEMB
Topical term or geographic name as entry element Prensa
General subdivision Legislación
Geographic subdivision Europa
650 #7 - SUBJECT ADDED ENTRY--TOPICAL TERM
Source of heading or term LEMB
Topical term or geographic name as entry element Libertad de prensa
Geographic subdivision Europa
650 #7 - SUBJECT ADDED ENTRY--TOPICAL TERM
Source of heading or term LEMB
Topical term or geographic name as entry element Ética periodística
Geographic subdivision Europa
700 1# - ADDED ENTRY--PERSONAL NAME
Personal name Sánchez de Armas, Miguel Ángel,
Relator term dir.
700 1# - ADDED ENTRY--PERSONAL NAME
Personal name Martínez, Omar Raúl,
Relator term ed.
942 ## - ADDED ENTRY ELEMENTS (KOHA)
Source of classification or shelving scheme Biblioteca del Cogreso de los Estados Unidos
Koha item type Libro
Existencias
Estado de pérdida Fuente de clasificación Estado del daño No para préstamo Ubicación permanente Ubicación actual Apartado o colección Fecha de adquisición Edición Dependencia de educación superior (DES) Área del conocimiento Clasificación Código de Barras Date last seen Número de copia Tipo de recurso
  Biblioteca del Cogreso de los Estados Unidos     Biblioteca del Posgrado en Derecho Biblioteca del Posgrado en Derecho Colección Ernesto Villanueva 14/10/2015 1a ed. Derecho Ciencias Sociales y Administrativas KJC7005 V55 1996 BPD000002898 14/10/2015 1 Libro